| 000 | 01345cam a22003737a 4500 | ||
|---|---|---|---|
| 003 | CHAP | ||
| 005 | 20220329142833.0 | ||
| 008 | 040615d1990 mx abd r 00110 spa d | ||
| 010 | _a88507 | ||
| 011 | _a89479 | ||
| 035 | _a100030 | ||
| 040 | _cCHAP | ||
| 090 | _aTesis | ||
| 100 | 0 | 0 |
_aAlbarrán Hurtado, Humberto. _93447 |
| 245 | 1 | 0 |
_aExperiencias de manejo integral forestal en la región de Atenquique _c/por Humberto Albarrán Hurtado |
| 260 |
_aChapingo, Méx. : _bEl autor, _c1990 |
||
| 300 |
_a44 h. : _bilus. ; mapas ; cuadros |
||
| 502 | _aTesis (Ing. Agr. Esp. en Bosques) -- UACH. División de Ciencias Forestales | ||
| 590 |
_aALEPH _b10 _c20130110 _lUCH01 _h1459 |
||
| 590 |
_aBATCH-UPD _b10 _c20130110 _lUCH01 _h0638 |
||
| 590 |
_aBATCH-UPD _b10 _c20130410 _lUCH01 _h0322 |
||
| 590 |
_aBATCH-UPD _b10 _c20130913 _lUCH01 _h2345 |
||
| 590 |
_aCONVERSION _b10 _c20130109 _lUCH01 _h1349 |
||
| 650 | 1 | 4 |
_aBosques _xJalisco. _914318 |
| 650 | 1 | 4 |
_aBosques _xLeyes. _914322 |
| 650 | 1 | 4 |
_aBosques _xRegeneración. _914377 |
| 650 | 1 | 4 |
_aPinus douglasiana. _988331 |
| 650 | 1 | 4 |
_aRecursos forestales _xJalisco. _995051 |
| 901 | _aBK | ||
| 905 | _aMarco A. Mendoza T. | ||
| 942 | _cFOLL | ||
| 949 |
_aTesis _bBC _cTES _d1000301 _eTS1 _gDonaciØn _h42131 _i100030 _sb |
||
| 949 |
_aTesis _bBC _cTES _d33724000926713 _eTS2 _fc.2 _gDonaciØn _h42132 _i100030 _sb |
||
| 999 |
_c88507 _d88507 |
||